000
00257nam a2200121Ia 4500
100
_a
Curran / Susan
942
_c
BK
654
_a
First Steps In Basic
245
_a
First Steps In Basic
260
_b
Winword
_a
England
300
_a
192
546
_a
ENGLISH
999
_c
25676
_d
25676